Ley de Transparencia y Acceso a la información Pública del Distrito Federal / (Record no. 160399)

MARC details
000 -CABECERA
campo de control de longitud fija 00830nam a2200229 u 4500
005 - FECHA Y HORA DE LA ÚLTIMA TRANSACCIÓN
campo de control 20210223131921.0
008 - ELEMENTOS DE LONGITUD FIJA--INFORMACIÓN GENERAL
campo de control de longitud fija 121109s2009 r 000 0 eng d
020 ## - NÚMERO INTERNACIONAL NORMALIZADO PARA LIBROS
Número Internacional Estándar del Libro 9786077582274
035 ## - NÚMERO DE CONTROL DEL SISTEMA
Número de control de sistema UPN01000188296
049 ## - COLECCIÓN
Colección C
050 #4 - SIGNATURA TOPOGRÁFICA DE LA BIBLIOTECA DEL CONGRESO
Número de clasificación KGF7635 A2
Número de documento/Ítem A4 2009
110 1# - ASIENTO PRINCIPAL--NOMBRE CORPORATIVO
Nombre de entidad corporativa o nombre de jurisdicción como elemento de entrada México.
Subencabezamiento de forma [Leyes, decretos, etc.]
245 10 - MENCIÓN DE TÍTULO
Título Ley de Transparencia y Acceso a la información Pública del Distrito Federal /
260 ## - PUBLICACIÓN, DISTRIBUCIÓN, ETC.
Lugar de publicación, distribución, etc. México :
Nombre del editor, distribuidor, etc. IEDF,
Fecha de publicación, distribución, etc. 2009.
300 ## - DESCRIPCIÓN FÍSICA
Extensión 111 p.
440 #0 - MENCIÓN DE SERIE/ASIENTO SECUNDARIO--TÍTULO
Título Legal
500 ## - NOTA GENERAL
Nota general Incluye: Ley de Protección de Datos Personales para el Distrito Federal y Reglamento del Instituto Electoral del Distrito Federal en Materia de Transparencia y Acceso a la Información Pública
650 #4 - ASIENTO SECUNDARIO DE MATERIA - TERMINO TEMATICO
Término de materia o nombre geográfico como elemento de entrada DERECHO PUBLICO
9 (RLIN) 24575
650 #4 - ASIENTO SECUNDARIO DE MATERIA - TERMINO TEMATICO
Término de materia o nombre geográfico como elemento de entrada LIBERTAD DE INFORMACION
9 (RLIN) 19949
905 ## - TIPO DE MATERIAL
Tipo de material Libro
Holdings
Estado de retiro Estado de pérdida Fuente del sistema de clasificación o colocación Estado dañado No para préstamo Código de colección Localización permanente Ubicación/localización actual Ubicación en estantería Total de préstamos Clasificación Código de barras Fecha visto por última vez Número de copia Tipo de ítem Koha
    Library of Congress Classification   Consulta Consulta Bib. Gregorio Torres Quintero Bib. Gregorio Torres Quintero Sala de lectura Sótano   KGF7635 A2 A4 2009 286662 31/12/2020 1 Libro